000 00551cam a2200217 a 4500
001 1462242
005 20180118095705.0
008 861008s1987 ilua 001 0 eng
010 _a 86026204
020 _a0884626148
040 _aDLC
_cDLC
_dDLC
041 _aeng
043 _an-us---
080 _a346.73043 FRA
082 0 0 _a346.73043 FRA
_219
100 1 _a14.
101 _aJUR
245 1 0 _aReal estate law /
_cFrank Gibson, James Karp, Elliot Klayman.
906 _a7
_bcbc
_corignew
_d1
_eocip
_f19
_gy-gencatlg
942 _2ddc
_cBK
999 _c40516
_d40516